00527nam a2200133 a 450000100100000000500170001000800410002704000250006824500620009326000930015530000220024895201060027099900170037600003840620201002031243.0130411s1994 dr 000 0 spa d aDO-SdBNPbspacBNPHU00aCompendio de leyes /cSecretaría de Estado de Finanzas. aSanto Domingo :bSecretaría de Estado de FinanzasbSuperintendencia de Seguros,c1994. a99 p. : ;c20 cm. 00107-18PDaPDbPDcOId2013-04-11iLF1l0o p38406-10r2020-06-25w2020-06-25yLFPDZNo se presta c37896d37896